[Event "XIII Miedzynarodowe Mistrzostwa Gdanska"]
[Site "Gdansk"]
[Date "2011.??.??"]
[Round "4.2"]
[White "Grabarczyk, Miroslaw"]
[Black "Machlowski, Slawomir"]
[Result "1-0"]
[WhiteElo "2459"]
[BlackElo "2159"]
[PlyCount "71"]
[EventDate "2011.??.??"]

1. d4 c5 2. d5 e6 3. c4 exd5 4. cxd5 d6 5. Nc3 Ne7 6. e4 Ng6 7. Nge2 Be7 8. Ng3
O-O 9. Bd3 Na6 10. O-O Nc7 11. a4 Rb8 12. Rb1 Na6 13. Nb5 Ra8 14. Bd2 Nb4 15.
Be2 a6 16. Na3 Rb8 17. Qb3 a5 18. f4 Re8 19. Rbe1 Bf6 20. Bb5 Bd7 21. Nf5 Qc7
22. Bxd7 Qxd7 23. Nb5 Be7 24. Qh3 Rbd8 25. Bc3 Bf8 26. b3 Qc8 27. Bxb4 axb4 28.
Qd3 Rd7 29. Ne3 Qd8 30. Nc4 Qh4 31. Qf3 Qe7 32. g3 Qd8 33. h4 Ne7 34. e5 dxe5
35. d6 e4 36. Qxe4 1-0

[Event "XIII Miedzynarodowe Mistrzostwa Gdanska"]
[Site "Gdansk"]
[Date "2011.??.??"]
[Round "4.3"]
[White "Huseynov, Vusal"]
[Black "Sopur, Lech"]
[Result "0-1"]
[WhiteElo "2178"]
[BlackElo "2409"]
[PlyCount "56"]
[EventDate "2011.??.??"]

1. e4 c5 2. d3 Nf6 3. e5 Nd5 4. c4 Nc7 5. Nc3 Nc6 6. Nf3 b6 7. Nd5 Bb7 8. Nxc7+
Qxc7 9. Bf4 e6 10. Be2 f6 11. d4 cxd4 12. Nxd4 Nxe5 13. O-O Be7 14. Nb5 Qb8 15.
Bh5+ g6 16. Re1 a6 17. Nd4 O-O 18. Bg4 Qc8 19. Bxe5 fxe5 20. Rxe5 Bf6 21. Re2
Qxc4 22. Bf3 Bxf3 23. Nxf3 Rad8 24. Rc1 Qf4 25. Rec2 d5 26. Qd3 e5 27. Qxa6 e4
28. Ne1 Bd4 0-1

[Event "XIII Miedzynarodowe Mistrzostwa Gdanska"]
[Site "Gdansk"]
[Date "2011.??.??"]
[Round "4.4"]
[White "Olejarczyk, Bogdan"]
[Black "Jaroch, Pawel"]
[Result "0-1"]
[WhiteElo "2137"]
[BlackElo "2250"]
[PlyCount "102"]
[EventDate "2011.??.??"]

1. d4 Nf6 2. Nf3 g6 3. Bf4 Bg7 4. e3 O-O 5. h3 d6 6. Be2 Nfd7 7. Nc3 e5 8. Bg3
Nc6 9. O-O h6 10. dxe5 dxe5 11. Qd2 Nb6 12. Rfd1 Be6 13. Qxd8 Rfxd8 14. Rxd8+
Rxd8 15. Rd1 Rxd1+ 16. Bxd1 Nc4 17. b3 Nd6 18. Nd2 f5 19. f3 e4 20. Ne2 exf3
21. gxf3 g5 22. Kg2 Nb4 23. a3 Nd5 24. Bf2 Nc3 25. Nxc3 Bxc3 26. Nb1 Be5 27. c4
a6 28. a4 Kf7 29. Bc2 f4 30. e4 Nc8 31. Be1 Ne7 32. Nc3 Ng6 33. Bd1 Bd4 34. Be2
Ke7 35. Nd5+ Kd7 36. Nb4 c6 37. a5 Ne5 38. Nd3 Nxd3 39. Bxd3 Kd6 40. Bb4+ c5
41. Be1 Ke5 42. Be2 Bb2 43. b4 Kd6 44. Bd2 Ba3 45. bxc5+ Kxc5 46. Bc3 Bb4 47.
Bg7 Bxa5 48. Bxh6 Bd8 49. h4 gxh4 50. Bxf4 Bxc4 51. Be3+ Kb4 0-1

[Event "XIII Miedzynarodowe Mistrzostwa Gdanska"]
[Site "Gdansk"]
[Date "2011.??.??"]
[Round "4.5"]
[White "Ulanowski, Karol"]
[Black "Kempinski, Tomasz"]
[Result "0-1"]
[WhiteElo "1938"]
[BlackElo "2227"]
[PlyCount "60"]
[EventDate "2011.??.??"]

1. e4 c5 2. Nf3 d6 3. d4 cxd4 4. Nxd4 Nf6 5. Nc3 a6 6. Bg5 e6 7. Qf3 Be7 8.
O-O-O Nbd7 9. Be2 Qc7 10. Qg3 b5 11. Bxb5 axb5 12. Ndxb5 Qa5 13. b4 Qxb4 14.
Nc7+ Kf8 15. Nxa8 Qa3+ 16. Kb1 Qxa8 17. Ka1 h6 18. Be3 Nxe4 19. Nxe4 Qxe4 20.
Bd4 e5 21. Rhe1 Qa8 22. Bb2 Nf6 23. f4 Be6 24. a3 Nh5 25. Qe3 Nxf4 26. g3 Nd5
27. Qd3 Nb6 28. Qb5 Nc4 29. Rb1 f6 30. Bc1 Kf7 0-1

[Event "XIII Miedzynarodowe Mistrzostwa Gdanska"]
[Site "Gdansk"]
[Date "2011.??.??"]
[Round "4.6"]
[White "Rybak, Tomasz"]
[Black "Les, Czeslaw"]
[Result "1-0"]
[WhiteElo "2222"]
[BlackElo "1924"]
[PlyCount "94"]
[EventDate "2011.??.??"]

1. e4 d5 2. exd5 Nf6 3. d4 Qxd5 4. Nc3 Qa5 5. Nf3 Ne4 6. Bd2 Nxd2 7. Qxd2 e6 8.
Ne5 Bb4 9. Bd3 Nd7 10. Nc4 Qh5 11. O-O O-O 12. Rae1 b5 13. Ne5 Bd6 14. Re3 f5
15. Rh3 Qe8 16. Bxb5 Qe7 17. Nc6 Qf6 18. Re1 a6 19. Bc4 Nb6 20. Bb3 Kh8 21. a4
Bd7 22. Ne5 Be8 23. Nf3 Bd7 24. a5 Nd5 25. Nxd5 exd5 26. Ne5 Be6 27. f4 c5 28.
dxc5 Bxc5+ 29. Kh1 Rad8 30. Qe2 Bg8 31. Ba4 Qd6 32. c3 d4 33. cxd4 Bb4 34. Rc1
Bd5 35. Qh5 Qh6 36. Qxh6 gxh6 37. Rxh6 Rg8 38. Bc6 Bd2 39. Bxd5 Rxd5 40. Rc7
Rg7 41. Rc8+ Rg8 42. Rxg8+ Kxg8 43. Rxa6 Rxd4 44. g3 Bc1 45. Ra8+ Kg7 46. a6
Ra4 47. Nd3 Be3 1-0

[Event "XIII Miedzynarodowe Mistrzostwa Gdanska"]
[Site "Gdansk"]
[Date "2011.??.??"]
[Round "4.7"]
[White "Zielinski, Stanislaw"]
[Black "Parol, Pawel"]
[Result "1/2-1/2"]
[WhiteElo "2155"]
[BlackElo "1918"]
[PlyCount "70"]
[EventDate "2011.??.??"]

1. e4 e6 2. d4 d5 3. Nc3 Nf6 4. e5 Nfd7 5. f4 c5 6. Nf3 Nc6 7. Be3 cxd4 8. Nxd4
Bc5 9. Qd2 O-O 10. Be2 a6 11. O-O Nxd4 12. Bxd4 Qb6 13. Bxc5 Qxc5+ 14. Kh1 b5
15. Bd3 Nb6 16. b3 Bb7 17. Rf3 f6 18. exf6 Rxf6 19. Re1 Raf8 20. Re5 Qb4 21.
Ne4 Qxd2 22. Nxd2 Nd7 23. Re1 Rxf4 24. Rxe6 Rxf3 25. Nxf3 Nc5 26. Rd6 Ne4 27.
Rd7 Nc5 28. Rc7 Rc8 29. Rxc8+ Bxc8 30. b4 Nxd3 31. cxd3 Kf7 32. Kg1 Kf6 33. Kf2
Bg4 34. Nd4 Ke5 35. Ke3 h6 1/2-1/2

[Event "XIII Miedzynarodowe Mistrzostwa Gdanska"]
[Site "Gdansk"]
[Date "2011.??.??"]
[Round "4.8"]
[White "Kobus, Sebastian"]
[Black "Plewa, Piotr"]
[Result "1/2-1/2"]
[WhiteElo "2104"]
[BlackElo "1864"]
[PlyCount "31"]
[EventDate "2011.??.??"]

1. e4 c5 2. Nf3 e6 3. d4 cxd4 4. Nxd4 a6 5. Bc4 Qc7 6. Bb3 Nc6 7. O-O Nf6 8.
Re1 Bd6 9. h3 O-O 10. Bg5 Nxd4 11. Qxd4 Be5 12. Qe3 Bxb2 13. Nd2 Bxa1 14. Rxa1
d5 15. e5 Ne8 16. c4 1/2-1/2

[Event "XIII Miedzynarodowe Mistrzostwa Gdanska"]
[Site "Gdansk"]
[Date "2011.??.??"]
[Round "4.12"]
[White "Khamitskiy, Sergei"]
[Black "Szymanowski, Mateusz"]
[Result "1-0"]
[WhiteElo "2316"]
[BlackElo "1783"]
[PlyCount "75"]
[EventDate "2011.??.??"]

1. d4 Nf6 2. c4 g6 3. Nc3 Bg7 4. e4 d6 5. h3 O-O 6. Nf3 e5 7. d5 h6 8. Be3 Kh7
9. g4 Ng8 10. Bd3 Ne7 11. Rg1 Na6 12. Bc2 c5 13. a3 Bd7 14. h4 Nc7 15. h5 Rh8
16. g5 Kg8 17. Qd2 hxg5 18. hxg6 Nxg6 19. Bxg5 Bf6 20. Be3 Kf8 21. O-O-O Rb8
22. b4 b6 23. Ne2 Ne8 24. Ng5 cxb4 25. axb4 Rc8 26. c5 bxc5 27. bxc5 dxc5 28.
d6 Qb6 29. Qd5 Bxg5 30. Bxg5 Ng7 31. Be7+ Ke8 32. Bf6 Kf8 33. Bxg7+ Kxg7 34.
Qxe5+ Kg8 35. Nf4 Rh6 36. Nxg6 fxg6 37. Qf6 Be8 38. Qe6+ 1-0

[Event "XIII Miedzynarodowe Mistrzostwa Gdanska"]
[Site "Gdansk"]
[Date "2011.??.??"]
[Round "4.14"]
[White "Zielinski, Wojciech"]
[Black "Kropidlowski, Maciej"]
[Result "1-0"]
[WhiteElo "2097"]
[BlackElo "1724"]
[PlyCount "69"]
[EventDate "2011.??.??"]

1. Nf3 e6 2. d4 d5 3. c4 Nf6 4. Nc3 Be7 5. Bg5 h6 6. Bh4 O-O 7. cxd5 exd5 8. e3
c6 9. Bd3 Bg4 10. h3 Bh5 11. Qc2 Bxf3 12. gxf3 Nh5 13. Bxe7 Qxe7 14. O-O-O Na6
15. Qd2 Nf6 16. Rhg1 Rac8 17. e4 Kh8 18. Rxg7 Kxg7 19. Rg1+ Kh7 20. e5+ Ne4 21.
Nxe4 Qh4 22. Rg4 Qxg4 23. Nf6+ Kg7 24. Nxg4 Rh8 25. Qf4 Nb4 26. Qf6+ Kg8 27.
Bf5 Rc7 28. Nxh6+ Rxh6 29. Qxh6 Nxa2+ 30. Kd2 Nb4 31. Bh7+ Kh8 32. Bf5+ Kg8 33.
e6 c5 34. e7 cxd4 35. Qf8# 1-0

[Event "XIII Miedzynarodowe Mistrzostwa Gdanska"]
[Site "Gdansk"]
[Date "2011.??.??"]
[Round "4.15"]
[White "Marszk, Kazimierz"]
[Black "Dzikowski, Michal"]
[Result "1/2-1/2"]
[WhiteElo "2076"]
[BlackElo "1706"]
[PlyCount "116"]
[EventDate "2011.??.??"]

1. e4 b6 2. d4 Bb7 3. Nc3 e6 4. Be3 Bb4 5. f3 Ne7 6. Bd3 Nbc6 7. Nge2 Ng6 8.
Qd2 d5 9. e5 Bxc3 10. Qxc3 Nce7 11. O-O-O Qd7 12. h4 O-O-O 13. h5 Nf8 14. h6 g6
15. Bg5 Re8 16. Qa3 Kb8 17. Nc3 c6 18. Na4 Nc8 19. Rhe1 Qc7 20. Re3 Nd7 21. b4
b5 22. Nc5 Nxc5 23. dxc5 Ne7 24. Bf6 Rhg8 25. g4 Bc8 26. Be2 Bd7 27. Qb3 a6 28.
a4 Bc8 29. Kb2 Bb7 30. f4 Bc8 31. Bd3 Qb7 32. c3 Qc7 33. Ra1 Qd7 34. axb5 cxb5
35. Bxe7 Rxe7 36. Rd1 Qc6 37. Bc2 Rd8 38. Qa3 Ra7 39. Rg3 Re7 40. Qa1 Qc7 41.
g5 Red7 42. Rd4 Qc6 43. Bd3 Ra7 44. Qa5 Qc7 45. Qxc7+ Kxc7 46. Rg1 Bb7 47. Ra1
Bc6 48. Ra5 Rda8 49. Kc2 Rf8 50. Kd1 Rd8 51. Kd2 Rf8 52. Ke3 Rd8 53. Be2 Rf8
54. Rd1 Rd8 55. Kd4 Rda8 56. Rda1 Kb7 57. Bd3 Kc7 58. Be2 Kb7 1/2-1/2

[Event "XIII Miedzynarodowe Mistrzostwa Gdanska"]
[Site "Gdansk"]
[Date "2011.??.??"]
[Round "4.16"]
[White "Baran, Dawid"]
[Black "Szczepaniec, Stanislaw"]
[Result "0-1"]
[WhiteElo "1679"]
[BlackElo "2075"]
[PlyCount "70"]
[EventDate "2011.??.??"]

1. e4 c5 2. Nf3 Nc6 3. d4 cxd4 4. Nxd4 g6 5. Nc3 Bg7 6. Be3 Nf6 7. f3 O-O 8.
Bc4 Qb6 9. Bb3 Nxe4 10. fxe4 Bxd4 11. Bxd4 Qxd4 12. Qxd4 Nxd4 13. Nd5 Nc6 14.
Ba4 e6 15. Nf6+ Kg7 16. O-O a6 17. Rad1 b5 18. Bb3 Ne5 19. h4 h5 20. Rd6 Ra7
21. Rf4 a5 22. a3 Rc7 23. c3 Rc6 24. Rd4 d6 25. Rf2 Rd8 26. Kf1 Ba6 27. Ke1 b4
28. axb4 axb4 29. Kd2 bxc3+ 30. bxc3 Rdc8 31. Ba4 Rb6 32. Ne8+ Kf8 33. Nxd6
Rxd6 34. Rxd6 Nc4+ 35. Kc2 Nxd6 0-1

[Event "XIII Miedzynarodowe Mistrzostwa Gdanska"]
[Site "Gdansk"]
[Date "2011.??.??"]
[Round "4.17"]
[White "Rak, Tomasz"]
[Black "Suliborski, Artur"]
[Result "0-1"]
[WhiteElo "2067"]
[BlackElo "1707"]
[PlyCount "71"]
[EventDate "2011.??.??"]

1. d4 f5 2. c4 Nf6 3. Nf3 g6 4. Nc3 Bg7 5. e4 Nxe4 6. Nxe4 fxe4 7. Ng5 d5 8.
cxd5 Qxd5 9. Be3 h6 10. Nh3 Bxh3 11. gxh3 Nc6 12. Bg2 O-O-O 13. Qg4+ Qf5 14.
Bxe4 Qxg4 15. hxg4 Bxd4 16. Bxg6 Bxb2 17. Rb1 Bc3+ 18. Kf1 Bd4 19. Bf4 Bb6 20.
h4 e5 21. Bg3 Rd2 22. a3 Rf8 23. Rh2 Ra2 24. Be4 Rxa3 25. Kg2 Ra2 26. Kh3 Re2
27. f3 Rxh2+ 28. Bxh2 Bd4 29. Rd1 Be3 30. Bf5+ Kb8 31. Re1 Bd4 32. Re4 a5 33.
Kg2 a4 34. Bd7 a3 35. Bxc6 a2 36. Re1 0-1

[Event "XIII Miedzynarodowe Mistrzostwa Gdanska"]
[Site "Gdansk"]
[Date "2011.??.??"]
[Round "4.18"]
[White "Skrochocka, Justyna"]
[Black "Posnik, Andrzej"]
[Result "1/2-1/2"]
[WhiteElo "2041"]
[BlackElo "1669"]
[PlyCount "95"]
[EventDate "2011.??.??"]

1. e4 c6 2. d4 d5 3. exd5 cxd5 4. Bd3 Nc6 5. c3 Qc7 6. Ne2 Bg4 7. f3 Bd7 8. Qb3
e6 9. Bf4 e5 10. dxe5 Nxe5 11. Qxd5 Nxd3+ 12. Qxd3 Qb6 13. Qe3+ Qxe3 14. Bxe3
Ne7 15. Nd2 Nf5 16. Bf2 Be7 17. Nd4 Nxd4 18. Bxd4 f6 19. O-O Kf7 20. Rfe1 Rhe8
21. Kf2 b6 22. a4 Bd8 23. Rxe8 Kxe8 24. a5 bxa5 25. Nc4 a4 26. Re1+ Kf7 27.
Nd6+ Kg8 28. c4 Kf8 29. c5 Bc7 30. Bc3 Bxd6 31. cxd6 Re8 32. Rd1 Re6 33. Rd5 a6
34. g4 g5 35. Bb4 Ke8 36. Rd1 Re5 37. Bc3 Re6 38. Re1 Kf7 39. Rxe6 Kxe6 40. Ke3
f5 41. gxf5+ Kxf5 42. Bg7 Kg6 43. Bf8 h5 44. f4 g4 45. Be7 Kf7 46. Bg5 Ke6 47.
Be7 Bc6 48. Kd4 1/2-1/2

[Event "XIII Miedzynarodowe Mistrzostwa Gdanska"]
[Site "Gdansk"]
[Date "2011.??.??"]
[Round "4.19"]
[White "Bobryk, Konrad"]
[Black "Reza, Wojciech"]
[Result "0-1"]
[WhiteElo "1548"]
[BlackElo "2026"]
[PlyCount "60"]
[EventDate "2011.??.??"]

1. d4 Nf6 2. c4 e6 3. Nc3 Bb4 4. Bd2 O-O 5. e3 d5 6. Nf3 c6 7. a3 Bd6 8. c5 Bc7
9. Bd3 Nbd7 10. O-O e5 11. Nxe5 Nxe5 12. dxe5 Bxe5 13. f4 Bc7 14. Qc2 b6 15.
Na4 Bd7 16. b4 Re8 17. Rf3 Ne4 18. Bxe4 Rxe4 19. Bc3 Bf5 20. Rg3 d4 21. Rg5
Rxf4 22. Rxf5 d3 23. Qf2 Rxf2 24. Rxf2 Qh4 25. g3 Qe7 26. Bd4 Be5 27. cxb6 axb6
28. Nxb6 Rd8 29. Bxe5 Qxe5 30. Raa2 Qb5 0-1

[Event "XIII Miedzynarodowe Mistrzostwa Gdanska"]
[Site "Gdansk"]
[Date "2011.??.??"]
[Round "4.20"]
[White "Tyda, Krzysztof"]
[Black "Kotlowska, Anna"]
[Result "1-0"]
[WhiteElo "2016"]
[BlackElo "1689"]
[PlyCount "55"]
[EventDate "2011.??.??"]

1. d4 d5 2. c4 c6 3. Nf3 Nf6 4. Nc3 Bg4 5. Ne5 Bf5 6. cxd5 cxd5 7. Qb3 b6 8. e4
Bd7 9. Nxd5 e6 10. Nc3 a6 11. Bg5 Be7 12. Be2 O-O 13. O-O h6 14. Bh4 b5 15. a3
Nc6 16. Nxc6 Bxc6 17. e5 Nd5 18. Bxe7 Qxe7 19. Bf3 Rfd8 20. Ne4 Nb6 21. Nf6+
gxf6 22. Bxc6 Rxd4 23. Bxa8 Nxa8 24. Qf3 Nb6 25. exf6 Qf8 26. Rad1 Rc4 27. Qg3+
Kh7 28. Rd8 1-0

[Event "XIII Miedzynarodowe Mistrzostwa Gdanska"]
[Site "Gdansk"]
[Date "2011.??.??"]
[Round "4.21"]
[White "Kindler, Przemyslaw"]
[Black "Wierzbicka, Wiktoria"]
[Result "0-1"]
[WhiteElo "1666"]
[BlackElo "2014"]
[PlyCount "88"]
[EventDate "2011.??.??"]

1. e4 c5 2. Nf3 Nc6 3. d4 cxd4 4. Nxd4 Nf6 5. Nc3 e6 6. a3 Be7 7. Be3 a6 8. Be2
Qc7 9. O-O d6 10. f4 O-O 11. Kh1 Re8 12. Qe1 Na5 13. Qg3 Nc4 14. Bxc4 Qxc4 15.
e5 Nd7 16. exd6 Bxd6 17. Ne4 Bc7 18. Qf3 Bb8 19. Qh3 e5 20. Nd2 Qc7 21. Nf5 Nf8
22. Qg4 Bxf5 23. Qxf5 Qd7 24. Qg5 exf4 25. Rxf4 Bxf4 26. Bxf4 Ne6 27. Qg4 Qd4
28. g3 Nxf4 29. Nf3 Qxb2 30. Rf1 Ng6 31. h4 Ne5 32. Qf4 Nxf3 33. Rxf3 Re1+ 34.
Kh2 Qxc2+ 35. Rf2 Qg6 36. Qb4 Qe4 37. Rf3 Rh1+ 38. Kxh1 Qxf3+ 39. Kh2 Re8 40.
Qd6 Re2+ 41. Kh3 Qf5+ 42. g4 Qf3+ 43. Qg3 Qh1+ 44. Qh2 Qxh2# 0-1

[Event "XIII Miedzynarodowe Mistrzostwa Gdanska"]
[Site "Gdansk"]
[Date "2011.??.??"]
[Round "4.22"]
[White "Kaczanowski, Pawel"]
[Black "Grabarczyk, Sylwester"]
[Result "0-1"]
[WhiteElo "1519"]
[BlackElo "1971"]
[PlyCount "82"]
[EventDate "2011.??.??"]

1. e4 d5 2. exd5 Nf6 3. Bb5+ Nbd7 4. Nc3 a6 5. Ba4 b5 6. Bb3 Nb6 7. d4 Bb7 8.
Nf3 g6 9. O-O Bg7 10. Bg5 O-O 11. Re1 h6 12. Bf4 Nbxd5 13. Bxd5 Nxd5 14. Nxd5
Bxd5 15. Ne5 e6 16. Rc1 g5 17. Bg3 f5 18. f4 Qe8 19. c4 bxc4 20. Nxc4 Ra7 21.
fxg5 hxg5 22. Ne3 Qf7 23. Nxd5 exd5 24. Be5 Rb7 25. Qa4 Bxe5 26. dxe5 Qe6 27.
b3 Rb5 28. Rxc7 Qb6+ 29. Kf1 Qxc7 30. Qxa6 Qb6 31. Qa3 Rb4 32. e6 Rf4+ 33. Ke2
Qxe6+ 34. Kd2 Rf2+ 35. Kd1 Qf6 36. Re2 Qd4+ 37. Ke1 Rxe2+ 38. Kxe2 Re8+ 39. Kf1
Qd3+ 40. Kg1 Qe3+ 41. Kf1 Qe1# 0-1

[Event "XIII Miedzynarodowe Mistrzostwa Gdanska"]
[Site "Gdansk"]
[Date "2011.??.??"]
[Round "4.23"]
[White "Kanarkiewicz, Michal"]
[Black "Jenczyk, Piotr"]
[Result "1-0"]
[WhiteElo "1924"]
[BlackElo "1581"]
[PlyCount "75"]
[EventDate "2011.??.??"]

1. e4 e5 2. Nf3 Nc6 3. Bb5 a6 4. Ba4 Nf6 5. O-O b5 6. Bb3 Be7 7. Re1 d6 8. c3
Bg4 9. d3 O-O 10. Nbd2 Qd7 11. Nf1 d5 12. exd5 Nxd5 13. h3 Bxf3 14. Qxf3 Rad8
15. a4 b4 16. Bd2 Nf6 17. Bc4 Ra8 18. Bg5 bxc3 19. bxc3 Qd6 20. Bxf6 Bxf6 21.
Bd5 e4 22. Qxe4 Bxc3 23. Bxc6 Bxe1 24. Bxa8 Bxf2+ 25. Kh1 c5 26. Bd5 Bd4 27.
Rb1 Qf6 28. Qf3 Qg6 29. Rb7 Bf6 30. Qe4 Qh5 31. Bb3 Bh4 32. Qg4 Qh6 33. Rxf7 g6
34. Qd7 Kh8 35. Qd5 Rc8 36. Qe5+ Kg8 37. Rc7+ Kf8 38. Qh8# 1-0

[Event "XIII Miedzynarodowe Mistrzostwa Gdanska"]
[Site "Gdansk"]
[Date "2011.??.??"]
[Round "4.24"]
[White "Posuniak, Weronika"]
[Black "Pofelski, Andrzej"]
[Result "0-1"]
[WhiteElo "1507"]
[BlackElo "1892"]
[PlyCount "106"]
[EventDate "2011.??.??"]

1. d4 Nf6 2. c4 c5 3. e3 g6 4. Nc3 Bg7 5. Nf3 O-O 6. Bd3 cxd4 7. exd4 d5 8. c5
Nc6 9. Be3 Ng4 10. Bb5 Nxe3 11. fxe3 Bg4 12. O-O e6 13. Qa4 Bxf3 14. Rxf3 Ne7
15. Rc1 a6 16. Bd3 Nc6 17. Qb3 Rb8 18. Rh3 e5 19. dxe5 Nxe5 20. Nxd5 Nxd3 21.
Qxd3 Qg5 22. Qb3 Rbd8 23. Nf4 Rd7 24. Rg3 Qe5 25. Rd1 Rxd1+ 26. Qxd1 Qxb2 27.
Qb3 Qc1+ 28. Kf2 Qxc5 29. Qxb7 Qc2+ 30. Ne2 Qxa2 31. Rg4 Qa5 32. h3 Qb5 33.
Qxb5 axb5 34. Rb4 Rb8 35. Nd4 Bxd4 36. exd4 f5 37. d5 Kf7 38. Ke3 Ke7 39. Kd4
Kd6 40. h4 Rb7 41. g3 Rb8 42. Rb3 b4 43. Kc4 Rb7 44. Re3 b3 45. Re6+ Kd7 46.
Re1 b2 47. Rb1 Kd6 48. Kd4 Rb5 49. Kc4 Rc5+ 50. Kb3 Rxd5 51. Rxb2 Rb5+ 52. Kc3
Rxb2 53. Kxb2 Kd5 0-1

[Event "XIII Miedzynarodowe Mistrzostwa Gdanska"]
[Site "Gdansk"]
[Date "2011.??.??"]
[Round "4.25"]
[White "Mucha, Piotr"]
[Black "Teclaf, Pawel"]
[Result "1-0"]
[WhiteElo "1867"]
[BlackElo "1509"]
[PlyCount "85"]
[EventDate "2011.??.??"]

1. e4 e5 2. Nf3 Nc6 3. d4 exd4 4. Bc4 Nf6 5. e5 Ng4 6. Bxf7+ Kxf7 7. Ng5+ Kg8
8. Qxg4 h6 9. Nh3 Bc5 10. Qf3 Qe7 11. O-O Qf7 12. Qg3 d6 13. Nf4 Nxe5 14. Re1
Bf5 15. Nd3 Re8 16. Rxe5 Rxe5 17. Nxe5 dxe5 18. Qxe5 Qe7 19. Qd5+ Qe6 20. Qxe6+
Bxe6 21. Bf4 Bd6 22. Bxd6 cxd6 23. Na3 a6 24. Rd1 Kf8 25. Rxd4 Ke7 26. Nc4 Rc8
27. Ne3 g6 28. Kf1 b5 29. a3 Rc5 30. c3 g5 31. Ke2 h5 32. Kd3 d5 33. b4 Rc6 34.
Nxd5+ Kf7 35. Ne3 Kf6 36. h4 g4 37. Rf4+ Ke5 38. Re4+ Kf6 39. g3 Rb6 40. Rd4
Ke5 41. c4 bxc4+ 42. Nxc4+ Bxc4+ 43. Rxc4 1-0

[Event "XIII Miedzynarodowe Mistrzostwa Gdanska"]
[Site "Gdansk"]
[Date "2011.??.??"]
[Round "4.26"]
[White "Ciesielski, Tomasz"]
[Black "Belczewski, Jacek"]
[Result "0-1"]
[WhiteElo "1858"]
[BlackElo "1355"]
[PlyCount "134"]
[EventDate "2011.??.??"]

1. e4 e6 2. d3 d5 3. e5 c5 4. f4 Nc6 5. Nf3 Nge7 6. g3 Nf5 7. Bg2 Nfd4 8. c3
Nf5 9. O-O Qb6 10. Qe2 c4+ 11. d4 Bd7 12. Nbd2 Qc7 13. Bh3 g6 14. Rf2 b5 15.
Nf1 a5 16. Ne3 Nxe3 17. Bxe3 b4 18. g4 h5 19. gxh5 Rxh5 20. Bg4 Rh8 21. h4 bxc3
22. bxc3 Rb8 23. Qc2 Ba3 24. Bc1 Bxc1 25. Qxc1 Qb6 26. Qa3 Qc7 27. Kg2 Qd8 28.
Rh1 Qe7 29. Qc1 Na7 30. Rb2 Qd8 31. Qc2 Qc7 32. Rxb8+ Qxb8 33. Rb1 Qc7 34. Qb2
Nc6 35. Qb5 Nb4 36. Qc5 Qxc5 37. dxc5 Nc6 38. Kg3 Ke7 39. Nd4 Rc8 40. Rb7 Kd8
41. Bd1 Rc7 42. Rxc7 Kxc7 43. Nb5+ Kd8 44. Nd6 Ke7 45. Ba4 Kf8 46. Nb7 Ke8 47.
Bxc6 Bxc6 48. Nxa5 Ba4 49. Kf3 Kd7 50. Nb7 Ke7 51. Nd6 Bc6 52. Ke3 Kf8 53. Kd2
Ke7 54. Kc2 Bd7 55. Kb2 Kd8 56. Nxf7+ Kc7 57. Nd6 Kc6 58. Nf7 Kxc5 59. Kc2 d4
60. cxd4+ Kxd4 61. Nd6 c3 62. a3 Ba4+ 63. Kc1 Ke3 64. f5 exf5 65. e6 f4 66. e7
f3 67. Nc4+ Ke2 0-1

[Event "XIII Miedzynarodowe Mistrzostwa Gdanska"]
[Site "Gdansk"]
[Date "2011.??.??"]
[Round "4.27"]
[White "Czerwinska, Luiza"]
[Black "Zygmunt, Piotr"]
[Result "1/2-1/2"]
[WhiteElo "1483"]
[BlackElo "1854"]
[PlyCount "113"]
[EventDate "2011.??.??"]

1. e4 e5 2. f4 Bc5 3. Nf3 d6 4. Nc3 Nc6 5. Bc4 Nf6 6. d3 O-O 7. Qe2 Bg4 8. Be3
Bb4 9. O-O exf4 10. Bxf4 Nd4 11. Qd2 Nxf3+ 12. gxf3 Bh3 13. Rfe1 Nh5 14. Bg5
Bxc3 15. bxc3 Qd7 16. Bh4 Be6 17. Bb3 Qb5 18. Kh1 Qe5 19. Rg1 Qf4 20. Qxf4 Nxf4
21. Bf6 Ng6 22. Bd4 c5 23. Be3 c4 24. dxc4 Rfc8 25. Bd2 Bxc4 26. f4 Kf8 27. f5
Ne5 28. Rac1 Be2 29. Rge1 Bf3+ 30. Kg1 Bxe4 31. Rxe4 Nf3+ 32. Kh1 Nxd2 33. Rd4
Nxb3 34. cxb3 Rc6 35. Rcd1 Rxc3 36. Rxd6 Rac8 37. Rd7 Rc1 38. Kg1 Rxd1+ 39.
Rxd1 Rc2 40. Rd7 Rxa2 41. Rxb7 Ra5 42. b4 Rxf5 43. Rxa7 Rb5 44. Ra4 Ke7 45. Kf2
Re5 46. Ra1 Kd6 47. Rb1 Kc6 48. Kf3 Kb5 49. Kf4 Re7 50. h4 Rc7 51. Kf5 Rc4 52.
h5 g6+ 53. hxg6 hxg6+ 54. Kg5 Rxb4 55. Rf1 f5 56. Kxg6 f4 57. Kg5 1/2-1/2